|
|
|
|
| LEADER |
01956nam a2200325 a 4500 |
| 001 |
14702685 |
| 003 |
BD-DhAAL |
| 005 |
20250703120408.0 |
| 008 |
091112s2008 cauab b 001 0 eng d |
| 010 |
|
|
|a \\2007002080
|
| 020 |
|
|
|a 9781412936903 (cloth : alk. paper)
|
| 020 |
|
|
|a 141293690X (cloth : alk. paper)
|
| 040 |
|
|
|a DLC
|c DLC
|d BAKER
|d BTCTA
|d C#P
|d YDXCP
|d DLC
|d BD-DhAAL
|
| 082 |
0 |
0 |
|a 658/.049
|2 22
|
| 100 |
1 |
|
|a Fatehi, Kamal.
|9 58647
|
| 245 |
1 |
0 |
|a Managing internationally :
|b succeeding in a culturally diverse world /
|c Kamal Fatehi.
|
| 260 |
|
|
|a Los Angeles :
|b Sage Publications,
|c c2008.
|
| 300 |
|
|
|a xx, 707 pages :
|b ill., map ;
|c 26 cm.
|
| 504 |
|
|
|a Includes bibliographical references and indexes.
|
| 505 |
0 |
|
|a The management of international business -- Socio-ethical issues and international management -- International management and the cultural context -- International communication and negotiation -- Managerial leadership and motivation in an international context -- International environment and strategy -- Legal issues and international management -- Organization of multinational operations -- Control of international operations -- International information systems management -- International human resource management -- International labor relations.
|
| 526 |
|
|
|a BBS
|x Requisitioned by Faculties of BBS
Course name and no : N/A
|
| 541 |
1 |
|
|a Karim International
|e 00019558
|
| 650 |
|
0 |
|a International business enterprises
|x Management
|x Social aspects.
|9 58648
|
| 650 |
|
0 |
|a Corporate culture.
|
| 650 |
|
0 |
|a Intercultural communication.
|
| 650 |
|
0 |
|a Management.
|
| 852 |
4 |
|
|a Ayesha Abed Library
|j General shelf
|
| 942 |
|
|
|2 ddc
|c BK
|
| 999 |
|
|
|c 5487
|d 5487
|
| 952 |
|
|
|0 0
|1 0
|2 ddc
|4 0
|6 658_049000000000000_FAT
|7 0
|9 5359
|a BRACUL
|b BRACUL
|c GEN
|d 2009-11-15
|e Karim International
|g 3982.00
|l 3
|o 658.049 FAT
|p 3010019558
|r 2014-07-06
|s 2014-06-01
|t 1
|w 2009-11-15
|y BK
|x Requisitioned by Faculties of BBS. Course name and no. "not available".
|